Statistiken für Bundesliga Mannschaften am Wappen erkennen

Klicken Sie hier um das Quiz zu spielen!

Allgemein

  • Dieses Quiz wurde 280 mal gespielt
  • Das Durchschnittsergebnis liegt bei 11 aus 18

Antwortstatistiken

Antwort% Korrekt
FC Bayern München
98%
Borussia Dortmund
95%
RB Leipzig
87%
1. FC Köln
72%
1. FSV Mainz 05
64%
SC Freiburg
64%
Bayer 04 Leverkusen
63%
Borussia Mönchengladbach
62%
Hertha BSC
61%
Eintracht Frankfurt
60%
TSG 1899 Hoffenheim
60%
VFL Bochum
59%
FC Augsburg
56%
VfB Stuttgart
56%
VFL Wolfsburg
55%
Arminia Bielefeld
49%
SpVgg Greuther Fürth
26%
1 FC Union Berlin 1996
2%

Verteilung der Resultate

Perzentil nach korrekt beantworteten Fragen

Anzahl Personen mit jedem Resultat

Ihre Resultats-Entwicklung

Sie haben dieses Quiz noch nicht gespielt